| 000 | 02013cam a2200361 4500 | ||
|---|---|---|---|
| 008 | 050113n2003 000 0 eng u | ||
| 020 | _a0954629302 | ||
| 035 | _a(Sirsi) u128509 | ||
| 041 | _aeng | ||
| 050 |
_a725.54 _c18 |
||
| 110 |
_aFootball Licensing Authority _94669 |
||
| 245 |
_aAccessible stadia _ba good practice guide to the design of facilities to meet the needs of disabled spectators and other users |
||
| 260 |
_aLondon _bFootball Stadia Improvement Fund _c2003 |
||
| 520 | _aThis good practice guide focuses on the design and provision of facilities at football stadia for disabled spectators, and highlights their particular needs. Part one outlines key legislation and references. Part two looks at facilities, including physical features, design issues and standards. Part three discusses access audits and accessibility appraisals. Appendices include worked examples and a list of relevant organisations. View at www.footballfoundation.org.uk. | ||
| 650 | _aMANAGEMENT-BUSINESS MANAGEMENT-DISCRIMINATION-DISABILITY DISCRIMINATION-ACCESSIBILITY | ||
| 650 | _aDESIGN GUIDANCE | ||
| 650 | _aFOOTBALL STADIA | ||
| 650 | _aSPORTS GROUNDS | ||
| 650 | _aFOOTBALL STADIUM | ||
| 650 | _aMANAGEMENT-BUSINESS MANAGEMENT-DISCRIMINATION-DISABILITY DISCRIMINATION-ACCESSIBILITY | ||
| 650 | _aDISABILITY DISCRIMINATION ACT 1995 | ||
| 650 | _aMANAGEMENT-BUSINESS MANAGEMENT-DISCRIMINATION-DISABILITY DISCRIMINATION-ACCESSIBILITY-ACCESS AUDITS | ||
| 690 | _aBUILT ENVIRONMENT-CONSTRUCTION DESIGN | ||
| 700 |
_aEarle, Michael _xEditor |
||
| 710 |
_aFootball Stadia Improvement Fund _94670 |
||
| 710 |
_aNational Association of Disabled Supporters _94671 |
||
| 710 |
_aFootball League _94672 |
||
| 710 |
_aFootball Association _94673 |
||
| 710 |
_aSport England _93763 |
||
| 710 |
_aFA Premier League _94674 |
||
| 856 |
_uhttps://www.footballfoundation.org.uk/news-and-media/publications/accessible-stadia _zView "Accessible stadia" on the Football Foundation website... |
||
| 942 | _n0 | ||
| 999 |
_c103943 _d103943 |
||